| 000 | 00596nam a22002057a 4500 | ||
|---|---|---|---|
| 999 |
_c534427 _d534427 |
||
| 003 | nit | ||
| 005 | 20200220114459.0 | ||
| 008 | 120927t2009 xxu||||| |||| 00| 0 eng d | ||
| 038 | _aMUHAMMAD SOHAIL | ||
| 040 | _c0 | ||
| 082 | _a954.9123 | ||
| 100 |
_aAftab Ahmad Khan _928558 |
||
| 245 |
_aMy Peshawar _cAftab Ahmad Khan |
||
| 260 |
_bAhsanulla & Samiullah Khan. _c2009. |
||
| 300 |
_a209;p. : _bill; _c28 cm. |
||
| 650 |
_aHistory _xPeshawat District (Pakistan) _928563 |
||
| 651 |
_aPeshawar District (Pakistan) _91310 |
||
| 942 |
_2ddc _cBK |
||